000 00599nam a2200181Ia 4500
008 090630s9999 xx 000 0 und d
082 _b8323
100 _aजोगळेकर योगिनी.
245 _aपाध्य पूजा.
_cजोगळेकर योगिनी.
260 _bसन.
_c1983
300 _a176
600 _aजोगळेकर योगिनी.
630 _aपाध्य पूजा.
655 _aबालवाङमय.
700 _aजोगळेकर योगिनी.
730 _aपाध्य पूजा.
942 _cBOOK
999 _c260179
_d260179